000 01984nam a2200265 a 4500
003 MX-MxUPN
005 20250207152947.0
008 240826s2020 mx ||||fr|||| 000 0 spa d
020 _a9789875387669
040 _aMX-MxUPN
_bspa
_cMX-MxUPN
041 0 _aspa
050 1 4 _aLC5148 A7
_bL48 2020
100 1 _aLevin, Esteban
_932084
245 1 3 _aLa niñez infectada :
_bjuego, educación y clínica en tiempo de aislamiento
250 _a1a edición.
260 _aBuenos Aires, Argentina :
_bNoveduc,
_c2020
300 _a175 páginas
490 0 _aColección Conjunciones ;
_v63
520 3 _aEste libro refleja la gestación de un pensamiento en acto frente a las coyunturas disruptivas que fijan, encierran y desacreditan la experiencia subjetiva y comunitaria. Ante la desdicha y la incertidumbre de esta época que nos afecta a todos y, en particular, a los niños, la obra plantea la natalidad de un tercer tiempo, una zona de subjetividad en la que se inventa la realización sensible de los sucesos que parecían inviables. Resistimos, rompemos la incredulidad y creemos en la posibilidad de lo imposible. Para ayudar a los más pequeños, reafirmamos la alianza con ellos y sus padres: no los dejamos solos. Imaginamos recursos para constituir una experiencia que, al ser realizada, permita a la imagen del cuerpo salir fuera de sí, romper la soledad del sufrimiento del aislamiento y volver para recrear otra escena, un acontecimiento de la infancia en el que coexistan el cuerpo, la ficción y el sujeto. Mantener viva la experiencia infantil es la fuerza deseante, afectiva, que nos permite rescatar la vitalidad de la niñez y de la comunidad del nos-otros
650 4 _aDistanciamiento social (Salud pública) y educación
_zArgentina
_953408
650 4 _aPandemia de COVID-19, 2020-2023
_xAspectos sociales
_zArgentina
_953409
902 _aGCH260824
_bVíctor Ruiz/040924
942 _2lcc
_cLIBRO
999 _c211633
_d211633